000 01279njm a2200277 i 4500
001 4931
003 ES-MaACL
005 20240604191759.0
007 s|r|||||||||||
008 070824s1978 sp ||| g ||||||||1|nspa d
100 1 _aTierno Galván, Enrique,
_d1918-1986
_9110235
245 1 4 _aLas funciones coactivas del Estado [
_hGrabación sonora] /
_cinterviene Enrique Tierno Galván.
260 _aMadrid :
_bAteneo de Madrid,
_c1978.
300 _a2 discos (CD-DA) (1 h. 57 min. 26 seg.) ;
_c12 cm.
500 _aDatos basados en la invitación.
518 _aActo organizado por Ateneo de Madrid en colaboración con la Asociación Profesional de Funcionarios del Cuerpo General de Policía (Junta Regional de Madrid), grabado en el salón de actos el martes 21 de noviembre de 1978, a las 20:00 h.
610 2 4 _aAteneo de Madrid-
_xActos culturales-
_y1978-
_vGrabaciones sonoras.
_91888
650 4 _aDelincuencia.
_911551
650 1 4 _aJusticia.
_914032
710 2 _aAteneo de Madrid.
_91875
710 2 _aAsociación Profesional de Funcionarios del Cuerpo General de Policía (Junta Regional de Madrid)
_91786
852 _aES-MaACL
_cROT
_jROT 4/5/7
_95048
852 _aES-MaACL
_cROT
_jROT 4/5/8
_9203098
942 _2udc
_cCDROM
999 _c4931
_d4931